5HLuxD.jpg

KING HENRY VIII SENIOR AND PRIMARY SCHOOL LIBRARY OPAC

The Third Reich : (Record no. 1122)

000 -LEADER
fixed length control field 03598nam a2200397 i 4500
001 - CONTROL NUMBER
control field 021016625
003 - CONTROL NUMBER IDENTIFIER
control field UkOxU
005 - DATE AND TIME OF LATEST TRANSACTION
control field 20211008113602.0
008 - FIXED-LENGTH DATA ELEMENTS--GENERAL INFORMATION
fixed length control field 160425s2017 nyuabcf b 001 0deng d
010 ## - LIBRARY OF CONGRESS CONTROL NUMBER
LC control number 2016019506
020 ## - INTERNATIONAL STANDARD BOOK NUMBER
International Standard Book Number 9781451651133
Qualifying information hardback
020 ## - INTERNATIONAL STANDARD BOOK NUMBER
International Standard Book Number 1451651139
Qualifying information hardback
040 ## - CATALOGING SOURCE
Original cataloging agency DLC
Language of cataloging eng
Description conventions rda
Transcribing agency DLC
Modifying agency DLC
-- UkOxU
042 ## - AUTHENTICATION CODE
Authentication code pcc
043 ## - GEOGRAPHIC AREA CODE
Geographic area code e-gx---
082 00 - DEWEY DECIMAL CLASSIFICATION NUMBER
Classification number 943.086 CHI
Edition number 23
100 1# - MAIN ENTRY--PERSONAL NAME
Personal name Childers, Thomas,
Dates associated with a name 1946-
Relator term author.
245 14 - TITLE STATEMENT
Title The Third Reich :
Remainder of title a history of Nazi Germany /
Statement of responsibility, etc. Thomas Childers.
264 #1 - PRODUCTION, PUBLICATION, DISTRIBUTION, MANUFACTURE, AND COPYRIGHT NOTICE
Place of production, publication, distribution, manufacture New York :
Name of producer, publisher, distributor, manufacturer Simon & Schuster,
Date of production, publication, distribution, manufacture, or copyright notice 2017.
264 #4 - PRODUCTION, PUBLICATION, DISTRIBUTION, MANUFACTURE, AND COPYRIGHT NOTICE
Date of production, publication, distribution, manufacture, or copyright notice ©2017
300 ## - PHYSICAL DESCRIPTION
Extent xvii, 651 pages, 22 unnumbered pages of plates :
Other physical details illustrations, maps, portraits ;
Dimensions 24 cm
336 ## - CONTENT TYPE
Content type term text
Source rdacontent
337 ## - MEDIA TYPE
Media type term unmediated
Source rdamedia
338 ## - CARRIER TYPE
Carrier type term volume
Source rdacarrier
504 ## - BIBLIOGRAPHY, ETC. NOTE
Bibliography, etc. note Includes bibliographical references and index.
520 ## - SUMMARY, ETC.
Summary, etc. "The dramatic story of the Third Reich--how Adolf Hitler and a core group of Nazis rose to power and plunged the world into a horrific war, perpetrating the genocidal Holocaust while sacrificing the lives of millions of ordinary Germans. In The Third Reich, Thomas Childers shows how the young Hitler became passionately political and anti-Semitic as he lived on the margins of society. Fueled by outrage at the punitive terms of the Versailles Treaty that ended the Great War, he found his voice and drew a following. As his views developed, Hitler attracted like-minded colleagues who formed the nucleus of the nascent Nazi party. The failed Munich putsch of 1923 and subsequent trial gave Hitler a platform for his views, which he skillfully exploited. Between 1924 and 1929 Hitler and his party languished in obscurity on the radical fringes of German politics, but the onset of the Great Depression provided Hitler the issues he needed to move into the mainstream of German political life.
520 ## - SUMMARY, ETC.
Summary, etc. He seized the opportunity to blame Germany's misery on the victorious allies, the Marxists, the Jews, and big business--and the political parties that represented them. By 1932 the Nazis had become the largest political party in Germany. Although Hitler became chancellor in 1933, his party had never achieved a majority in free elections. Within six months the Nazis transformed a dysfunctional democracy into a totalitarian state and began the inexorable march to World War II and the Holocaust. It is these fraught times that Childers brings to life: the Nazis' rise to power and their use and abuse of power once they achieved it. Based in part on German documents seldom used by previous historians, The Third Reich charts the dramatic, improbable rise of the Nazis; the suffering of ordinary Germans under Nazi rule; and the horrors of World War II and the Holocaust.
520 ## - SUMMARY, ETC.
Summary, etc. This is the most comprehensive and readable one-volume history of Nazi Germany since the classic Rise and Fall of the Third Reich"--Provided by publisher.
520 ## - SUMMARY, ETC.
Summary, etc. "Based in part on documents seldom used by previous historians, this history of the Third Reich shows how the dramatic, improbable rise of the Nazis happened because of tragic miscalculations and blunders, then documents what life was like for ordinary Germans as the Nazis precipitated the horrors of World War II and the Holocaust"--Provided by publisher.
650 #0 - SUBJECT ADDED ENTRY--TOPICAL TERM
Topical term or geographic name entry element National socialism.
650 #0 - SUBJECT ADDED ENTRY--TOPICAL TERM
Topical term or geographic name entry element World War, 1939-1945
General subdivision Causes.
651 #0 - SUBJECT ADDED ENTRY--GEOGRAPHIC NAME
Geographic name Germany
General subdivision History
Chronological subdivision 1933-1945.
651 #0 - SUBJECT ADDED ENTRY--GEOGRAPHIC NAME
Geographic name Germany
General subdivision Politics and government
Chronological subdivision 1933-1945.
651 #0 - SUBJECT ADDED ENTRY--GEOGRAPHIC NAME
Geographic name Germany
General subdivision Social conditions
Chronological subdivision 1933-1945.
942 ## - ADDED ENTRY ELEMENTS (KOHA)
Source of classification or shelving scheme
Koha item type Books - Non Ficton
Holdings
Withdrawn status Lost status Source of classification or shelving scheme Damaged status Not for loan Collection code Permanent Location Current Location Shelving location Date acquired Total Checkouts Total Renewals Full call number Barcode Date due Date last seen Date last checked out Price effective from Koha item type
          Non-Fiction KH8 Senior School Library KH8 Senior School Library Non Fiction 2021-10-08 2 1 943.086 CHI 3KHSL000101849 2023-12-10 2023-12-01 2023-12-01 2021-10-08 Books - Non Ficton

Powered By KH8 IT Dept